| Tag |
First Indicator |
Second Indicator |
Subfields |
| LEADER |
00000cam a2200000 i 4500 |
| 001 |
in00003538310 |
| 005 |
20151105231003.0 |
| 008 |
150310s2015 paua b 001 0 eng |
| 010 |
|
|
|a 2015007835
|
| 020 |
|
|
|a 9781611486841
|q hardcover
|q alkaline paper
|
| 020 |
|
|
|a 161148684X
|q hardcover
|q alkaline paper
|
| 020 |
|
|
|z 9781611486858
|q electronic book
|
| 035 |
|
|
|a (OCoLC)ocn903675137
|
| 035 |
|
|
|a (OCoLC)903675137
|
| 040 |
|
|
|a DLC
|b eng
|e rda
|c DLC
|d YDX
|d YDXCP
|d BDX
|d BTCTA
|d OCLCF
|d OCLCO
|d CDX
|d UtOrBLW
|
| 042 |
|
|
|a pcc
|
| 049 |
|
|
|a TXAM
|
| 050 |
0 |
0 |
|a PN171.A33
|b C58 2015
|
| 082 |
0 |
0 |
|a 809
|2 23
|
| 245 |
0 |
0 |
|a Citizens of the world :
|b adapting in the eighteenth century /
|c edited by Kevin L. Cope and Samara Anne Cahill.
|
| 264 |
|
1 |
|a Lewisburg :
|b Bucknell University Press,
|c [2015]
|
| 300 |
|
|
|a xlviii, 174 pages ;
|c 24 cm.
|
| 336 |
|
|
|a text
|b txt
|2 rdacontent
|
| 337 |
|
|
|a unmediated
|b n
|2 rdamedia
|
| 338 |
|
|
|a volume
|b nc
|2 rdacarrier
|
| 490 |
1 |
|
|a Transits: literature, thought & culture, 1650-1850
|
| 504 |
|
|
|a Includes bibliographical references and index.
|
| 650 |
|
0 |
|a Literature
|x Adaptations
|x History and criticism.
|
| 650 |
|
0 |
|a Literature and society
|x History
|y 18th century.
|
| 650 |
|
7 |
|a Literature
|x Adaptations.
|2 fast
|0 (OCoLC)fst00999955
|
| 650 |
|
7 |
|a Literature and society.
|2 fast
|0 (OCoLC)fst01000096
|
| 648 |
|
7 |
|a 1700 - 1799
|2 fast
|
| 655 |
|
7 |
|a Criticism, interpretation, etc.
|2 fast
|0 (OCoLC)fst01411635
|
| 655 |
|
7 |
|a History.
|2 fast
|0 (OCoLC)fst01411628
|
| 700 |
1 |
|
|a Cope, Kevin Lee,
|e editor.
|
| 700 |
1 |
|
|a Cahill, Samara Anne,
|e editor.
|
| 830 |
|
0 |
|a Transits (Bucknell University)
|
| 938 |
|
|
|a YBP Library Services
|b YANK
|n 12299266
|
| 938 |
|
|
|a Brodart
|b BROD
|n 112241123
|
| 938 |
|
|
|a Baker and Taylor
|b BTCP
|n BK0016557866
|
| 938 |
|
|
|a Coutts Information Services
|b COUT
|n 30985805
|
| 947 |
|
|
|a A14842882319
|
| 945 |
|
|
|a PromptCat
|b 260873
|
| 946 |
|
|
|a stk
|
| 994 |
|
|
|a 92
|b TXA
|
| 948 |
|
|
|a Cataloged
|b h
|c 2015/7/22
|d c
|e AReeder
|
| 999 |
|
|
|a MARS
|
| 999 |
f |
f |
|s 319308ad-b1f7-394c-ae9c-d52cf54dec81
|i 1ccb2ec9-3365-3814-83ff-a8e95363c789
|t 0
|
| 952 |
f |
f |
|p normal
|a Texas A&M University
|b College Station
|c Sterling C. Evans Library
|d Evans: Library Stacks
|t 0
|e PN171.A33 C58 2015
|h Library of Congress classification
|i unmediated -- volume
|m A14842882319
|
| 998 |
f |
f |
|a PN171.A33 C58 2015
|t 0
|l Evans: Library Stacks
|